[Event "7th Open"]
[Site "Dubai UAE"]
[Date "2005.04.08"]
[Round "5"]
[White "Miroshnichenko,E"]
[Black "Svetushkin,D"]
[Result "0-1"]
[WhiteElo "2628"]
[BlackElo "2530"]
[EventDate "2005.04.04"]

1. Nf3 d5 2. c4 c6 3. d4 Nf6 4. Qc2 a6 5. Nbd2 Bg4 6. e3 Nbd7 7. b3 e6 8.
Bd3 Bh5 9. Bb2 Bg6 10. Ne5 Nxe5 11. dxe5 Nd7 12. Bxg6 hxg6 13. O-O g5 14.
cxd5 cxd5 15. Rfc1 Bc5 16. Qd1 Bb4 17. Nf1 Be7 18. Rc2 Nb8 19. e4 d4 20.
Bxd4 Nc6 21. Bb2 Qa5 22. Qd2 Qb5 23. Ne3 Rd8 24. Qe2 Nb4 25. Rc4 Nd3 26.
Rd1 Nxb2 27. Rxd8+ Bxd8 28. Qxb2 O-O 29. g3 Be7 30. Ng4 Rd8 31. Qc2 Qa5 32.
Rc8 Kh7 33. Rxd8 Qe1+ 34. Kg2 Bxd8 35. h3 Qa5 36. Qc8 Qc7 37. Qxc7 Bxc7 38.
Kf3 Kg8 39. Ke3 Kf8 40. Kd3 Ke8 41. Kc4 Bb6 42. a4 Kd7 43. b4 Kc6 44. f4
gxf4 45. gxf4 Bd8 46. Nf2 b5+ 47. axb5+ axb5+ 48. Kc3 Kd7 49. Nd3 Ke8 50.
Kd2 Be7 51. Nc5 g6 52. Nd3 Kf8 53. Ke3 Kg7 54. Kf3 Kh6 55. Kg4 Bd8 56. Ne1
Be7 57. Nc2 Kg7 58. Kg3 Kh6 59. Kg4 Kg7 60. Nd4 Bxb4 61. Nxb5 Bd2 62. Nd6
Bc3 63. Ne8+ Kh6 64. Nf6 Bb2 65. Kh4 Bc1 66. Ng4+ Kg7 67. Kg5 Bd2 68. Nf6
Ba5 69. h4 Bd8 70. h5 gxh5 71. Kxh5 Bxf6 72. exf6+ Kxf6 73. Kh6 Ke7 74. Kh7
Kf8 75. f5 Ke7 0-1

[Event "7th Open"]
[Site "Dubai UAE"]
[Date "2005.04.08"]
[Round "5"]
[White "Efimenko,Z"]
[Black "Mchedlishvili,M"]
[Result "1-0"]
[WhiteElo "2620"]
[BlackElo "2518"]
[EventDate "2005.04.04"]

1. e4 c6 2. d4 d5 3. Nc3 dxe4 4. Nxe4 Bf5 5. Ng3 Bg6 6. h4 h6 7. Nf3 Nd7 8.
h5 Bh7 9. Bd3 Bxd3 10. Qxd3 e6 11. Bf4 Ngf6 12. O-O-O Qa5 13. Kb1 Be7 14.
Ne5 O-O 15. Nxd7 Nxd7 16. Ne4 Nf6 17. g4 Rad8 18. Rhg1 Nxe4 19. Qxe4 Bf6
20. c3 Rd7 21. Be3 Bd8 22. c4 Re8 23. Bd2 Qa6 24. g5 hxg5 25. Bxg5 Bxg5 26.
Rxg5 Qxc4 27. h6 f6 28. Qg6 Ree7 29. hxg7 1-0

[Event "7th Open"]
[Site "Dubai UAE"]
[Date "2005.04.08"]
[Round "5"]
[White "Riazantsev,A"]
[Black "Koneru,H"]
[Result "1-0"]
[WhiteElo "2608"]
[BlackElo "2508"]
[EventDate "2005.04.04"]

1. d4 Nf6 2. c4 e6 3. Nf3 b6 4. g3 Ba6 5. Qb3 Nc6 6. Nbd2 Na5 7. Qc3 Bxc4
8. Nxc4 Nd5 9. Qd3 Nb4 10. Qc3 Nd5 11. Qc2 Nb4 12. Qa4 Nxc4 13. a3 b5 14.
Qb3 Na5 15. Qd1 Nbc6 16. e4 a6 17. d5 Ne7 18. b3 Ng6 19. Bb2 exd5 20. Qxd5
c6 21. Qd3 f6 22. Bh3 Be7 23. O-O O-O 24. Bxd7 Kh8 25. Rad1 Ra7 26. h4 Bc5
27. h5 Ne5 28. Nxe5 fxe5 29. Bxe5 Qe7 30. Qc3 Rxd7 31. Rxd7 Qxd7 32. Qxc5
Re8 33. h6 Nxb3 34. Bxg7+ Kg8 35. Qg5 Qf7 36. Rd1 Qg6 37. Qe3 Na5 38. Rd7
Nc4 39. Qf4 Qe6 40. Rc7 1-0

[Event "7th Open"]
[Site "Dubai UAE"]
[Date "2005.04.08"]
[Round "5"]
[White "Moradiabadi,E"]
[Black "Kotsur,P"]
[Result "1/2-1/2"]
[WhiteElo "2502"]
[BlackElo "2599"]
[EventDate "2005.04.04"]

1. e4 e5 2. Nf3 Nc6 3. Bb5 Nf6 4. O-O Nxe4 5. d4 Nd6 6. Bxc6 dxc6 7. dxe5
Nf5 8. Qxd8+ Kxd8 9. h3 h6 10. Nc3 Ne7 11. b3 Ng6 12. Ne2 a5 13. a4 c5 14.
c4 Be6 15. Bb2 Kd7 16. Rad1+ Kc6 17. Ng3 h5 18. Ng5 Be7 19. Nxe6 fxe6 20.
f4 Nh4 21. f5 exf5 22. Nxf5 Nxf5 23. Rxf5 Raf8 24. Rf2 g6 25. Rdd2 1/2-1/2

[Event "7th Open"]
[Site "Dubai UAE"]
[Date "2005.04.08"]
[Round "5"]
[White "Adly,A"]
[Black "Minasian,Art"]
[Result "1-0"]
[WhiteElo "2484"]
[BlackElo "2597"]
[EventDate "2005.04.04"]

1. Nf3 c5 2. c4 g6 3. e3 Bg7 4. Nc3 Nf6 5. d4 O-O 6. Be2 d6 7. O-O Nc6 8.
h3 Bf5 9. b3 e5 10. dxc5 dxc5 11. Bb2 e4 12. Nh2 Qe7 13. Qc1 Rad8 14. Rd1
Ne5 15. Nf1 h5 16. Ng3 h4 17. Nxf5 gxf5 18. Qc2 Ng6 19. Rxd8 Rxd8 20. Rd1
Rxd1+ 21. Qxd1 f4 22. Nb5 fxe3 23. fxe3 Bh6 24. Kf2 Ne8 25. Qd5 a6 26. Nc3
Bg7 27. Qf5 Nf6 28. Na4 Nd7 29. Bxg7 Kxg7 30. Bg4 Nde5 31. Nc3 b5 32. Be2
bxc4 33. Bxc4 Nxc4 34. bxc4 Qd6 35. Nxe4 Qd3 36. Qf6+ Kg8 37. Nd6 Qd2+ 38.
Kf3 Qd1+ 39. Ke4 Qc2+ 40. Kd5 Qxg2+ 41. Kxc5 Nh8 42. Qd8+ Kh7 43. Qxh4+ Kg8
44. Qg4+ 1-0

[Event "7th Open"]
[Site "Dubai UAE"]
[Date "2005.04.08"]
[Round "5"]
[White "Gelashvili,T"]
[Black "Wang Rui"]
[Result "1/2-1/2"]
[WhiteElo "2577"]
[BlackElo "2457"]
[EventDate "2005.04.04"]

1. c4 Nf6 2. Nc3 g6 3. g3 Bg7 4. Bg2 O-O 5. Nf3 d6 6. O-O Nc6 7. Rb1 d5 8.
cxd5 Nxd5 9. Nxd5 Qxd5 10. b3 Qh5 11. Re1 Bh3 12. Bh1 Rad8 13. d3 h6 14. b4
Be6 15. Qa4 Bd5 16. Be3 Qg4 17. Qa3 Nd4 18. Nxd4 Bxh1 19. f3 Qh3 20. Kxh1
Bxd4 21. Bxd4 Rxd4 22. Qxa7 Rd5 23. Rbc1 Rh5 24. Qf2 Qd7 25. Rc3 Ra8 26. a3
Rd5 27. Qe3 Kg7 28. Qc1 c6 29. Qb2 Kh7 30. Rec1 Qd6 31. Rc5 Qe6 32. Rxd5
Qxd5 33. Rc4 Qd6 34. Kg2 Kg8 35. Re4 h5 36. Qb3 b5 37. Qb2 Qf6 38. Qc1 Kg7
39. Qe3 Kf8 40. Qb6 Qd6 41. Rd4 Qe5 42. Kf2 Rxa3 43. Qd8+ Kg7 44. Re4 Qd6
45. Qxe7 Qxe7 46. Rxe7 Rc3 47. Rc7 Rb3 48. Rxc6 Rxb4 49. Rb6 Rb1 50. h4 b4
51. Ke3 b3 52. d4 b2 53. Ke4 Rg1 54. Rxb2 Rxg3 55. d5 Rg1 56. Rd2 Kf8 57.
d6 Ke8 58. f4 Rg4 59. Ke5 Rxh4 60. Ra2 Rg4 61. Ra8+ Kd7 62. Rf8 f5 63. Rf7+
Kc8 64. Ke6 Rxf4 65. Rf8+ Kb7 66. d7 1/2-1/2

[Event "7th Open"]
[Site "Dubai UAE"]
[Date "2005.04.08"]
[Round "5"]
[White "Anastasian,A"]
[Black "Karavade,E"]
[Result "1-0"]
[WhiteElo "2574"]
[BlackElo "2355"]
[EventDate "2005.04.04"]

1. c4 Nf6 2. Nf3 g6 3. b4 Bg7 4. Bb2 O-O 5. e3 a5 6. b5 c6 7. Nc3 d5 8. d4
dxc4 9. Bxc4 cxb5 10. Bxb5 Bd7 11. O-O Bxb5 12. Nxb5 Qb6 13. a4 Na6 14. Qb3
Qd8 15. Ba3 Nd5 16. Nc3 Nxc3 17. Qxc3 Qd7 18. Rfb1 Rfc8 19. Qb3 Rc7 20. Qb5
Qd8 21. Bc1 Nb4 22. Bd2 Nc6 23. Bc3 Rd7 24. h3 e6 25. Rb3 Bf8 26. Qe2 Nb4
27. Ne5 Rc7 28. Nd3 Qd5 29. Rab1 Qc4 30. Bxb4 axb4 31. Qb2 Qa6 32. Nxb4
Qxa4 33. Nd3 Ra7 34. Qe2 Bd6 35. g3 Qc6 36. h4 h5 37. Ne1 Qa6 38. Qf3 Be7
39. Nd3 Kg7 40. Qe4 Bd6 41. Rb5 Qa3 42. R5b3 Qa4 43. Kg2 Qd7 44. R1b2 Kg8
45. g4 hxg4 46. Qxg4 Ra5 47. Qe4 Rd5 48. Ne1 Bf8 49. f4 Qc8 50. Nf3 Ba3 1-0

[Event "7th Open"]
[Site "Dubai UAE"]
[Date "2005.04.08"]
[Round "5"]
[White "Huang Qian"]
[Black "Neverov,V"]
[Result "0-1"]
[WhiteElo "2382"]
[BlackElo "2566"]
[EventDate "2005.04.04"]

1. d4 Nf6 2. c4 g6 3. Nc3 d5 4. Bf4 Bg7 5. e3 c5 6. dxc5 Qa5 7. Qa4+ Qxa4
8. Nxa4 Be6 9. Rc1 Nc6 10. Nf3 Ne4 11. cxd5 Bxd5 12. Bc4 O-O-O 13. Ke2 f5
14. Bxd5 Rxd5 15. Rhd1 Rhd8 16. Rxd5 Rxd5 17. h3 Nb4 18. Rc4 Nd3 19. b4
Ndxf2 20. b5 Nd3 21. b6 a6 22. c6 Ndc5 23. Nxc5 Rxc5 24. Rxc5 Nxc5 25. Be5
Bf6 26. Bd4 Na4 27. Bxf6 exf6 28. cxb7+ Kxb7 29. Nd4 Kxb6 30. Kd3 Kc5 31.
Ne6+ Kd6 32. Nd4 Kd5 33. Nc2 Nc5+ 34. Kc3 Ne4+ 35. Kb4 0-1

[Event "7th Open"]
[Site "Dubai UAE"]
[Date "2005.04.08"]
[Round "5"]
[White "Balaji,G"]
[Black "Navara,D"]
[Result "0-1"]
[WhiteElo "2298"]
[BlackElo "2647"]
[EventDate "2005.04.04"]

1. e4 c5 2. Nc3 e6 3. f4 d5 4. Nf3 dxe4 5. Nxe4 Nc6 6. g3 Be7 7. Bg2 Nf6 8.
Nf2 O-O 9. O-O Qc7 10. b3 b6 11. Bb2 Bb7 12. Ne5 Rad8 13. Qf3 Na5 14. Qe2
Bxg2 15. Kxg2 Nc6 16. Rad1 Nd4 17. Bxd4 Rxd4 18. Qf3 Rc8 19. Rfe1 b5 20. c4
a6 21. d3 g6 22. Ne4 Nd7 23. Ng4 f5 24. Nh6+ Kg7 25. Ng5 Nf8 26. Nhf7 Bf6
27. h3 Rd7 28. g4 Rxf7 29. Nxf7 Kxf7 30. g5 Bc3 31. Re2 b4 32. Rc1 Bg7 33.
h4 Qc6 34. Rce1 Qxf3+ 35. Kxf3 Rd8 36. Rd1 Rd4 37. Ke3 h5 0-1

[Event "7th Open"]
[Site "Dubai UAE"]
[Date "2005.04.08"]
[Round "5"]
[White "Ravi,L"]
[Black "Kobalia,M"]
[Result "1/2-1/2"]
[WhiteElo "2416"]
[BlackElo "2644"]
[EventDate "2005.04.04"]

1. d4 d5 2. c4 c6 3. Nf3 e6 4. e3 Nf6 5. Bd3 Nbd7 6. O-O dxc4 7. Bxc4 b5 8.
Bd3 Bb7 9. e4 Be7 10. Bg5 h6 11. Bh4 g5 12. Bg3 Nh5 13. Nc3 a6 14. d5 Nxg3
15. hxg3 b4 16. dxe6 fxe6 17. e5 1/2-1/2

[Event "7th Open"]
[Site "Dubai UAE"]
[Date "2005.04.08"]
[Round "5"]
[White "Ni Hua"]
[Black "Gonzales,Jay"]
[Result "1/2-1/2"]
[WhiteElo "2638"]
[BlackElo "2474"]
[EventDate "2005.04.04"]

1. e4 Nc6 2. Nf3 d6 3. d4 Nf6 4. Nc3 Bg4 5. Bb5 a6 6. Bxc6+ bxc6 7. h3 Bh5
8. Bg5 Qb8 9. O-O Nd7 10. Qd3 e6 11. Rfe1 h6 12. Bh4 g5 13. Bg3 Bg7 14. Nd2
Qb6 15. Nb3 c5 16. d5 Ne5 17. Bxe5 Bxe5 18. Rab1 O-O 19. Nd2 Bg7 20. Nc4
Qb7 21. Na5 Qc8 22. b4 cxb4 23. Rxb4 Re8 24. Reb1 Bg6 25. Nc6 Qd7 26. Nb8
Qc8 27. f3 exd5 28. Qxd5 c6 29. Qc4 d5 30. exd5 Bxc2 31. d6 Bxb1 32. d7
Qxb8 33. Rxb8 Rexb8 34. Qxc6 Bxc3 35. Qxc3 Bxa2 36. Qf6 Be6 37. h4 gxh4 38.
Qxh6 a5 39. Qg5+ Kf8 40. Qc5+ 1/2-1/2

[Event "7th Open"]
[Site "Dubai UAE"]
[Date "2005.04.08"]
[Round "5"]
[White "El Arousy,A"]
[Black "Ghaem Maghami,E"]
[Result "0-1"]
[WhiteElo "2371"]
[BlackElo "2632"]
[EventDate "2005.04.04"]

1. e4 c5 2. Nf3 d6 3. d4 cxd4 4. Nxd4 Nf6 5. Nc3 a6 6. Be3 e5 7. Nb3 Be7 8.
f3 Be6 9. Qd2 O-O 10. O-O-O Qc7 11. g4 Rc8 12. g5 Nh5 13. Kb1 Nd7 14. Qf2
Qd8 15. Qd2 Qc7 16. Qf2 b5 17. Nd5 Bxd5 18. exd5 Rcb8 19. Bh3 Nb6 20. Rhg1
a5 21. Qh4 Nc4 22. Bc1 g6 23. Qe4 a4 24. Nd2 a3 25. b3 Nb2 26. Rde1 Nf4 27.
Bf1 Qc5 28. Bd3 Nxd5 29. b4 Qc6 30. Ka1 Nxd3 31. cxd3 Qc3+ 32. Kb1 Nxb4 0-1

[Event "7th Open"]
[Site "Dubai UAE"]
[Date "2005.04.08"]
[Round "5"]
[White "Sorokin,M"]
[Black "Mariano,N1"]
[Result "0-1"]
[WhiteElo "2599"]
[BlackElo "2468"]
[EventDate "2005.04.04"]

1. Nf3 Nf6 2. c4 g6 3. g3 Bg7 4. Bg2 d6 5. d4 O-O 6. Nc3 c6 7. e4 Qa5 8.
Bd2 Bg4 9. Nd5 Qd8 10. Ne3 Bxf3 11. Bxf3 Nfd7 12. Bc3 c5 13. d5 Bxc3+ 14.
bxc3 Qa5 15. Qd2 a6 16. h4 Nf6 17. h5 Nbd7 18. hxg6 fxg6 19. Bg2 b5 20. f4
Rab8 21. O-O b4 22. Rac1 b3 23. axb3 Rxb3 24. Rfe1 Qc7 25. Bh3 a5 26. Qa2
Rfb8 27. Nd1 g5 28. Qe2 gxf4 29. gxf4 Kh8 30. Ra1 Rb1 31. Rxb1 Rxb1 32. Bf5
Rb8 33. e5 dxe5 34. fxe5 Rg8+ 35. Kh1 Rg5 36. exf6 Qg3 37. Rf1 Nxf6 38. Be6
Qh4+ 0-1

[Event "7th Open"]
[Site "Dubai UAE"]
[Date "2005.04.08"]
[Round "5"]
[White "Gupta,Ab"]
[Black "Fedorchuk,S"]
[Result "1/2-1/2"]
[WhiteElo "2361"]
[BlackElo "2577"]
[EventDate "2005.04.04"]

1. d4 Nf6 2. c4 e6 3. Nc3 Bb4 4. Qc2 O-O 5. a3 Bxc3+ 6. Qxc3 b6 7. Bg5 Bb7
8. f3 d6 9. e3 Nbd7 10. Bd3 Rc8 11. Ne2 c5 12. O-O h6 13. Bh4 d5 14. cxd5
Nxd5 15. Qc1 g5 16. Bf2 cxd4 17. exd4 N7f6 18. Qd2 Nh5 19. Rad1 Qf6 20. Bb1
Rfd8 21. Nc3 Nhf4 22. Bg3 Rd7 23. Be4 Rcd8 24. Rfe1 Ng6 25. Nxd5 Bxd5 26.
Bxg6 Qxg6 27. Qd3 Kh7 28. Qxg6+ Kxg6 29. Rc1 Bb7 30. Bf2 h5 31. Be3 g4 32.
Kf2 Kf5 33. Rc3 Rg8 34. Rec1 f6 35. Rc7 Rgg7 36. Rxd7 Rxd7 37. h3 gxf3 38.
gxf3 a5 39. h4 Rf7 40. Rc3 Bd5 41. Rc8 Rh7 42. Rc3 b5 43. Rc5 Rb7 1/2-1/2

[Event "7th Open"]
[Site "Dubai UAE"]
[Date "2005.04.08"]
[Round "5"]
[White "Guseinov,G"]
[Black "Bistric,F"]
[Result "1-0"]
[WhiteElo "2573"]
[BlackElo "2440"]
[EventDate "2005.04.04"]

1. e4 c5 2. Nf3 e6 3. d4 cxd4 4. Nxd4 a6 5. Nc3 Qc7 6. g3 Nf6 7. Bg2 Be7 8.
O-O d6 9. f4 O-O 10. g4 Re8 11. g5 Nfd7 12. f5 Bf8 13. Qh5 g6 14. Qh3 Ne5
15. Nde2 Nbc6 16. Bf4 Nb4 17. Nd4 Qb6 18. Be3 Nxc2 19. Nxc2 Qxb2 20. Bd4
Qxc2 21. Rad1 exf5 22. Rf2 fxe4 23. Qg3 Qxd1+ 24. Nxd1 Bg7 25. Nc3 Bf5 26.
Bxe4 Be6 27. Nd5 Nf3+ 28. Bxf3 Bxd4 29. Be4 1-0

[Event "7th Open"]
[Site "Dubai UAE"]
[Date "2005.04.08"]
[Round "5"]
[White "Al Modiahki,M"]
[Black "Wang Yu A"]
[Result "1-0"]
[WhiteElo "2569"]
[BlackElo "2373"]
[EventDate "2005.04.04"]

1. e4 e5 2. Nf3 Nf6 3. Nxe5 d6 4. Nf3 Nxe4 5. d4 d5 6. Bd3 Nc6 7. O-O Be7
8. c4 Nb4 9. Be2 O-O 10. Nc3 Bf5 11. a3 Nxc3 12. bxc3 Nc6 13. Re1 Re8 14.
cxd5 Qxd5 15. Bf4 Rac8 16. Bd3 Bf6 17. Rxe8+ Rxe8 18. Bxf5 Qxf5 19. Bxc7
Rc8 20. Bg3 Na5 21. Qa4 h6 22. Rc1 Kh7 23. h3 b6 24. Bh4 Bxh4 25. Nxh4 Qf4
26. Qc2+ g6 27. Nf3 Nc4 28. a4 Kg7 29. Re1 Qc7 30. Qe2 Qd7 31. Ne5 Qe6 32.
Qf3 Nxe5 33. Rxe5 Qb3 34. Re7 Rxc3 35. Rxf7+ Qxf7 36. Qxc3 Qd5 37. Qc7+ Kf6
38. Qxa7 1-0

[Event "7th Open"]
[Site "Dubai UAE"]
[Date "2005.04.08"]
[Round "5"]
[White "Kunte,A"]
[Black "Al Qudaimi,B"]
[Result "1-0"]
[WhiteElo "2561"]
[BlackElo "2363"]
[EventDate "2005.04.04"]

1. d4 d5 2. c4 c6 3. Nc3 Nf6 4. e3 a6 5. Nf3 b5 6. b3 Bg4 7. Be2 e6 8. O-O
Nbd7 9. h3 Bh5 10. Bb2 Bd6 11. Ne5 Bxe2 12. Nxe2 bxc4 13. bxc4 O-O 14. Qc2
Qc7 15. cxd5 cxd5 16. Qxc7 Bxc7 17. Ba3 Rfc8 18. Nc6 Bh2+ 19. Kxh2 Rxc6 20.
Rfc1 Rac8 21. Rxc6 Rxc6 22. Rc1 Rxc1 23. Bxc1 Nb6 24. f3 Nc4 25. Nc3 Ne8
26. Kg3 Nc7 27. Kf2 f5 28. Ke2 Kf7 29. Kd3 Nd6 30. Na4 g5 31. Nc5 Nc4 32.
g4 h6 33. Na4 Kg6 34. Nc5 h5 35. e4 fxe4+ 36. fxe4 hxg4 37. hxg4 Nd6 38. e5
Nf7 39. Bd2 Nh6 40. Ba5 Ne8 41. Nxa6 Nxg4 42. Nc7 Kf5 43. a4 1-0

[Event "7th Open"]
[Site "Dubai UAE"]
[Date "2005.04.08"]
[Round "5"]
[White "Al Zendani,Z"]
[Black "Kuzubov,Y"]
[Result "0-1"]
[WhiteElo "2332"]
[BlackElo "2558"]
[EventDate "2005.04.04"]

1. e4 c5 2. b3 Nc6 3. Bb2 d6 4. Nf3 Nf6 5. Nc3 Bg4 6. h3 Bh5 7. Bb5 e5 8.
Qe2 a6 9. Bxc6+ bxc6 10. O-O-O Bxf3 11. Qxf3 Be7 12. Qe2 O-O 13. g3 Nd7 14.
f4 g6 15. f5 Nb6 16. h4 d5 17. g4 d4 18. Nb1 c4 19. Rdg1 cxb3 20. axb3 Qc7
21. g5 f6 22. Ba3 c5 23. gxf6 Rxf6 24. h5 Kh8 25. Rxg6 Qd6 26. Qg4 Rxg6 27.
fxg6 h6 28. Rf1 Bf6 29. Qe2 Qc6 30. c4 dxc3 31. Nxc3 c4 32. b4 Rd8 33. Kc2
Qd7 34. Rf3 Kg8 0-1

[Event "7th Open"]
[Site "Dubai UAE"]
[Date "2005.04.08"]
[Round "5"]
[White "Najjar,A"]
[Black "Mamedov,Rau"]
[Result "0-1"]
[WhiteElo "2322"]
[BlackElo "2511"]
[EventDate "2005.04.04"]

1. d4 Nf6 2. c3 g6 3. Bg5 Bg7 4. Nd2 d5 5. e3 O-O 6. Bd3 c5 7. Ne2 cxd4 8.
cxd4 Nc6 9. O-O e5 10. dxe5 Nxe5 11. Bc2 Re8 12. h3 Bd7 13. Nd4 Qb6 14. Bb3
Bc6 15. N2f3 Nc4 16. Bf4 Ne4 17. Qc2 Bd7 18. Rfe1 Nc5 19. Bg3 a5 20. Rad1
a4 21. Bxc4 dxc4 22. Ne5 Bxe5 23. Bxe5 Nd3 24. Rxd3 cxd3 25. Qxd3 0-1

[Event "7th Open"]
[Site "Dubai UAE"]
[Date "2005.04.08"]
[Round "5"]
[White "Vladimirov,E"]
[Black "Eid,Fa"]
[Result "1-0"]
[WhiteElo "2623"]
[BlackElo "2332"]
[EventDate "2005.04.04"]

1. d4 d5 2. Nf3 Bf5 3. c4 e6 4. Nc3 Nc6 5. cxd5 exd5 6. Bf4 Bb4 7. Rc1 Nf6
8. a3 Ba5 9. b4 Bb6 10. e3 O-O 11. Bg5 Be6 12. Bd3 Re8 13. O-O Ne7 14. Bxf6
gxf6 15. Nh4 Ng6 16. Qh5 Qd7 17. Nf5 c6 18. Nh6+ Kg7 19. f4 Qe7 20. f5 Bd7
21. Rf3 Qxe3+ 22. Rxe3 Rxe3 23. Ne2 Rxd3 24. Ng3 1-0

[Event "7th Open"]
[Site "Dubai UAE"]
[Date "2005.04.08"]
[Round "5"]
[White "Sulskis,S"]
[Black "Khairallah,F"]
[Result "1-0"]
[WhiteElo "2545"]
[BlackElo "2298"]
[EventDate "2005.04.04"]

1. e4 c5 2. Nf3 Nc6 3. Bb5 e6 4. Bxc6 dxc6 5. d3 Ne7 6. Qe2 f6 7. e5 Ng6 8.
Na3 Nxe5 9. Nxe5 fxe5 10. Qh5+ g6 11. Qxe5 Rg8 12. Bg5 Bg7 13. Qg3 Qa5+ 14.
Bd2 Qd8 15. Nc4 e5 16. Bg5 Bf6 17. Bxf6 Qxf6 18. Nxe5 Bd7 19. O-O Rg7 20.
a3 Kf8 21. b4 cxb4 22. axb4 Be8 23. d4 Rc8 24. Rfe1 Kg8 25. Ra3 Re7 26. h4
Kh8 27. Rc3 Rec7 28. Rf3 Qg7 29. Nd3 Qxd4 30. Rf8+ Kg7 31. Nc5 Re7 32. Qd6
Qxb4 33. Ne6+ Kh6 34. Rf4 1-0

[Event "7th Open"]
[Site "Dubai UAE"]
[Date "2005.04.08"]
[Round "5"]
[White "Shashikant,K"]
[Black "Sundararajan,K"]
[Result "0-1"]
[WhiteElo "2303"]
[BlackElo "2491"]
[EventDate "2005.04.04"]

1. e4 e5 2. Nf3 Nc6 3. Bb5 Nf6 4. d3 d6 5. c3 Bd7 6. Ba4 g6 7. O-O Bg7 8.
Nbd2 O-O 9. Nc4 Rb8 10. Ne3 b5 11. Bb3 Na5 12. Bc2 c5 13. b4 cxb4 14. cxb4
Nc6 15. Bd2 Nd4 16. Nxd4 exd4 17. Nd5 Nxd5 18. exd5 Qh4 19. a4 Rfe8 20. g3
Qh3 21. axb5 Re5 22. Qf3 Rbe8 23. Bd1 Bh6 0-1

[Event "7th Open"]
[Site "Dubai UAE"]
[Date "2005.04.08"]
[Round "5"]
[White "Saleh,Nab"]
[Black "Al Sayed,Mohamad"]
[Result "1/2-1/2"]
[WhiteElo "2260"]
[BlackElo "2476"]
[EventDate "2005.04.04"]

1. d4 Nf6 2. Nf3 e6 3. c4 c5 4. d5 exd5 5. cxd5 d6 6. Nc3 a6 7. a4 g6 8.
Bf4 Bg7 9. h3 O-O 10. e3 Qb6 1/2-1/2

[Event "7th Open"]
[Site "Dubai UAE"]
[Date "2005.04.08"]
[Round "5"]
[White "Sethuraman,S"]
[Black "Djuric,S"]
[Result "0-1"]
[WhiteElo "2242"]
[BlackElo "2459"]
[EventDate "2005.04.04"]

1. e4 e5 2. Nf3 Nc6 3. Bb5 a6 4. Bxc6 dxc6 5. O-O Be7 6. d3 Bf6 7. Be3 Ne7
8. h3 Ng6 9. Nc3 O-O 10. Qd2 b6 11. Ne2 c5 12. Ng3 Be6 13. Rfd1 a5 14. c3
a4 15. Qe2 Re8 16. Nh5 h6 17. d4 cxd4 18. cxd4 Qe7 19. dxe5 Bxe5 20. Nxe5
Nxe5 21. f4 Nc4 22. Bd4 f6 23. Qf2 Qd6 24. e5 Nxe5 25. Qe3 0-1

[Event "7th Open"]
[Site "Dubai UAE"]
[Date "2005.04.08"]
[Round "5"]
[White "El Taher,F"]
[Black "Molina,T"]
[Result "1-0"]
[WhiteElo "2458"]
[BlackElo "2234"]
[EventDate "2005.04.04"]

1. e4 c5 2. Nf3 d6 3. d4 cxd4 4. Nxd4 Nf6 5. Nc3 a6 6. Bg5 e6 7. f4 Qb6 8.
Qd2 Qxb2 9. Rb1 Qa3 10. f5 Nc6 11. fxe6 fxe6 12. Nxe6 Bxe6 13. e5 dxe5 14.
Ne4 Be7 15. Be2 h5 16. Rb3 Qa4 17. c4 Ra7 18. Bxf6 gxf6 19. O-O f5 20. Nd6+
Bxd6 21. Qxd6 Qa5 22. Rfb1 Kf7 23. Bxh5+ Kf6 24. g4 f4 25. g5+ Kf5 26. Rb5
Qc3 27. Rxe5+ 1-0

[Event "7th Open"]
[Site "Dubai UAE"]
[Date "2005.04.08"]
[Round "5"]
[White "Kayumov,S"]
[Black "Vaidya,C"]
[Result "1-0"]
[WhiteElo "2400"]
[BlackElo "2230"]
[EventDate "2005.04.04"]

1. e4 e6 2. Qe2 e5 3. Qf3 Nf6 4. Bc4 c6 5. Nc3 b5 6. Bb3 b4 7. Nce2 d5 8.
d3 Bg4 9. Qg3 Nbd7 10. exd5 cxd5 11. Bxd5 Nxd5 12. Qxg4 Rc8 13. d4 N7f6 14.
Qg3 e4 15. Qb3 Qc7 16. Qa4+ Qc6 17. Qxc6+ Rxc6 18. Kd1 Ng4 19. Nh3 Bd6 20.
Ng3 Bxg3 21. hxg3 Rc4 22. f3 Rxd4+ 23. Ke2 Ne5 24. Nf4 O-O 25. Be3 exf3+
26. gxf3 Nxe3 27. Kxe3 Rc4 28. Nd5 Re8 29. c3 bxc3 30. bxc3 Nc6+ 31. Kf2
Rc5 32. Rad1 f6 33. Rd2 Ne5 34. Rb1 Nc4 35. Rd4 Na5 36. f4 Kf7 37. Rbd1 Nc6
38. R4d2 Rd8 39. g4 h6 40. Nb4 Rxd2+ 41. Rxd2 Nxb4 42. cxb4 Rc4 43. Rd7+
Kf8 44. a3 Rxf4+ 45. Kg3 Re4 46. Rxa7 g5 47. b5 Re3+ 48. Kf2 Rb3 49. a4 Rb4
50. Kf3 Rf4+ 51. Kg3 Rb4 52. Rh7 Kg8 53. Rc7 Kf8 54. a5 Rb3+ 55. Kh2 Ke8
56. Rh7 Kd8 57. a6 Kc8 58. a7 Rc3 1-0

[Event "7th Open"]
[Site "Dubai UAE"]
[Date "2005.04.08"]
[Round "5"]
[White "Doostkam,P"]
[Black "Guseinov,El"]
[Result "1-0"]
[WhiteElo "2228"]
[BlackElo "2391"]
[EventDate "2005.04.04"]

1. c4 e5 2. Nf3 Nc6 3. Nc3 Nf6 4. e3 Bb4 5. Qc2 Bxc3 6. Qxc3 Qe7 7. a3 a5
8. Be2 d5 9. d4 exd4 10. Nxd4 Ne5 11. cxd5 Nxd5 12. Qb3 Nf6 13. O-O O-O 14.
f3 Rd8 15. Rd1 c5 16. Nb5 Be6 17. Rxd8+ Rxd8 18. Qc3 Nc6 19. e4 Nd4 20.
Nxd4 cxd4 21. Qxa5 b6 22. Qa4 Qc5 23. Bd3 Ra8 24. Bd2 Qb4 25. Bxb4 Rc8 1-0

[Event "7th Open"]
[Site "Dubai UAE"]
[Date "2005.04.08"]
[Round "5"]
[White "Sai,Sr"]
[Black "Saeed,I"]
[Result "1-0"]
[WhiteElo "2355"]
[BlackElo "2089"]
[EventDate "2005.04.04"]

1. e4 c6 2. d4 d5 3. Nc3 dxe4 4. Nxe4 Bf5 5. Ng3 Bg6 6. h4 h6 7. Nf3 Nd7 8.
h5 Bh7 9. Bd3 Bxd3 10. Qxd3 Ngf6 11. Bf4 Qa5+ 12. Bd2 Qc7 13. O-O-O e6 14.
Kb1 O-O-O 15. c4 Bd6 16. Ne4 Nxe4 17. Qxe4 Nf6 18. Qe2 c5 19. Bc3 Rhe8 20.
Qc2 cxd4 21. Bxd4 Bc5 22. Be5 Qb6 23. Bxf6 gxf6 24. Qh7 Ba3 25. Qc2 Bc5 26.
Nd2 f5 27. Nb3 Bf8 28. f3 Rxd1+ 29. Rxd1 Rd8 30. Re1 Bg7 31. g4 Qb4 32. Rf1
f4 33. Qh7 Qf8 34. c5 Be5 35. Qe4 Rd5 36. Rc1 Bc7 37. c6 bxc6 38. Rxc6 Qd8
39. Qe2 Kd7 40. Qc4 Bb6 41. Qc2 Ke7 42. a4 Qd7 43. Rc4 Qd6 44. Qe4 Bc7 45.
Nd4 Kd7 46. Nb5 Rd1+ 47. Ka2 Qd5 48. Qxd5+ exd5 49. Rc2 Ke6 50. Rc6+ Ke5
51. Rxh6 Rf1 52. Nxa7 Rxf3 53. Nc6+ Ke4 54. a5 Rg3 55. a6 f3 56. Rf6 Ke3
57. a7 f2 58. a8=Q Rf3 59. Qe8+ 1-0

[Event "7th Open"]
[Site "Dubai UAE"]
[Date "2005.04.08"]
[Round "5"]
[White "Mahmoody,M"]
[Black "Rohit,G"]
[Result "0-1"]
[WhiteElo "2218"]
[BlackElo "2352"]
[EventDate "2005.04.04"]

1. Nc3 Nf6 2. e4 d6 3. d4 g6 4. f4 Bg7 5. Nf3 c5 6. e5 Nfd7 7. e6 fxe6 8.
Ng5 Nf8 9. dxc5 h6 10. Nge4 dxc5 11. Qf3 Qb6 12. Bb5+ Bd7 13. a4 Nc6 14.
Be3 Nd4 15. Qf2 Bxb5 16. axb5 Nd7 17. Nxc5 Nxc5 18. Bxd4 Nd3+ 19. cxd3 Bxd4
20. Qg3 Kf7 21. Kd2 Rad8 22. Qf3 Rd7 23. Kc2 Rc8 24. Rhe1 Qxb5 25. Qh3 Qc6
26. Ra3 b5 27. Rb3 b4 28. Rxb4 Bxc3 29. Rc4 Bxe1 30. Rxc6 Rxc6+ 31. Kd1 Bf2
32. Qxh6 Bd4 33. Qh7+ Bg7 34. h4 Rxd3+ 35. Ke2 Rc5 36. g4 Rh3 37. Kd2 Rb5
0-1

[Event "7th Open"]
[Site "Dubai UAE"]
[Date "2005.04.08"]
[Round "5"]
[White "Simonsen,H"]
[Black "Srinath,N"]
[Result "1/2-1/2"]
[WhiteElo "2317"]
[BlackElo "2045"]
[EventDate "2005.04.04"]

1. d4 Nf6 2. Nf3 g6 3. c4 Bg7 4. g3 O-O 5. Bg2 d6 6. O-O Nbd7 7. d5 c6 8.
dxc6 bxc6 9. Nd4 Bb7 10. Bxc6 Qc7 11. Bxb7 Qxb7 12. Nc3 Rfc8 13. b3 Nb6 14.
Ba3 Rab8 15. Qd2 Qd7 16. Rfd1 Qh3 17. e3 Ng4 18. f3 Ne5 19. Qg2 1/2-1/2

[Event "7th Open"]
[Site "Dubai UAE"]
[Date "2005.04.08"]
[Round "5"]
[White "Ramesh,R"]
[Black "Mohamed,A"]
[Result "1-0"]
[WhiteElo "2466"]
[BlackElo "1949"]
[EventDate "2005.04.04"]

1. e4 c5 2. Nc3 d6 3. Nge2 Nc6 4. d4 cxd4 5. Nxd4 g6 6. Be3 Bg7 7. Qd2 Nf6
8. f3 O-O 9. Bc4 Bd7 10. O-O-O Ne5 11. Bb3 Qa5 12. Kb1 Rfc8 13. h4 a6 14.
Bh6 Nc4 15. Bxc4 Rxc4 16. Nd5 Qd8 17. Bxg7 Kxg7 18. Nxf6 exf6 19. h5 Qg8
20. Qf4 1-0

[Event "7th Open"]
[Site "Dubai UAE"]
[Date "2005.04.09"]
[Round "6"]
[White "Neverov,V"]
[Black "Efimenko,Z"]
[Result "1/2-1/2"]
[WhiteElo "2566"]
[BlackElo "2620"]
[EventDate "2005.04.04"]

1. d4 Nf6 2. c4 e6 3. Nf3 b6 4. a3 Ba6 5. Qc2 Bb7 6. Nc3 c5 7. e4 cxd4 8.
Nxd4 Bc5 9. Nb3 Nc6 10. Bg5 h6 11. Bh4 Nd4 12. Nxd4 Bxd4 13. Bd3 Qb8 14.
Bg3 Be5 15. O-O-O O-O 16. Kb1 Rc8 17. Rhe1 d6 18. Bxe5 dxe5 19. Bf1 Bc6 20.
Qd2 a5 21. f3 a4 22. Qd6 Nd7 23. Qxb8 Raxb8 24. Bd3 Nc5 25. Bc2 Kf8 26. Rd2
Ke7 27. Red1 1/2-1/2